00282nam a22000977a 4500008004100000082001100041100002400052245004400076260005500120300000900175260601b |||||||| |||| 00| 0 eng d a001848 a Puranik,Hayavadana aBheda Tarangini of Sri Ranganatha Suri  aBangalorebPoornaprajna Samshodhana Mandiramc2004 a165p